书目信息 |
| 题名: |
戒庵老人漫笔
|
|
| 作者: | 李诩 撰 ;魏连科 校点 | |
| 分册: | ||
| 出版信息: | 北京 中华书局 1982 |
|
| 页数: | 360页 | |
| 开本: | 19cm | |
| 丛书名: | 元明史料笔记丛刊 | |
| 单 册: | ||
| 中图分类: | K248.066 , K247 | |
| 科图分类: | ||
| 主题词: | 史料--中国--明代 | |
| 电子资源: | ||
| ISBN: | ||
| 000 | 00701oam2 2200265 450 | |
| 001 | 1534217079 | |
| 005 | 20150119093035.60 | |
| 010 | @dCNY1.20 | |
| 091 | @a11018.1014 | |
| 100 | @a19950623d1982 em y0chiy0110 ea | |
| 101 | 0 | @achi |
| 102 | @aCN@b110000 | |
| 105 | @ay z 000yy | |
| 200 | 1 | @a戒庵老人漫笔@9jie an lao ren man bi@f(明)李诩撰@g魏连科校点 |
| 210 | @a北京@c中华书局@d1982 | |
| 215 | @a360页@d19cm | |
| 225 | 2 | @a元明史料笔记丛刊 |
| 461 | 0 | @12001 @a元明史料笔记丛刊 |
| 606 | 0 | @a史料@y中国@z明代 |
| 690 | @aK248.066@v5 | |
| 690 | @aK247@v4 | |
| 701 | 0 | @a李诩@9li xu@4撰 |
| 702 | 0 | @a魏连科@9wei lian ke@4校点 |
| 801 | 0 | @aCN@bTSSF@c20150119 |
| 905 | @aZUCC@dK247@eJY34 | |
| 戒庵老人漫笔/(明)李诩撰/魏连科校点.-北京:中华书局,1982 |
| 360页;19cm.-(元明史料笔记丛刊) |
| ISBN :CNY1.20 |
| ● |
| 相关链接 |
|
|
|
|
正题名:戒庵老人漫笔
索取号:K247/JY34
 
预约/预借
| 序号 | 登录号 | 条形码 | 馆藏地/架位号 | 状态 | 备注 |
| 1 | 7847558 | 278475589 | 学院路分馆/ [索取号:K247/JY34] | 在馆 |